Podział administracyjny Kosowa - Statystyki

Ogólne statystyki
  • Ten quiz został rozwiązany 2 razy
  • Średni wynik to 2 z 7
Statystyki odpowiedzi
Obrazkowy Odpowiedź % Poprawnych
Prisztina
100%
Peć
50%
Djakowica
0%
Gnjilane
0%
Mitrowica
0%
Prizren
0%
Uroševac
0%
Nie znaleziono quizów pasujących do podanych kryteriów
Rozkład punktacji
Procent ludzi z każdym wynikiem
Percentyl według liczby udzielonych odpowiedzi
Twoja historia wyników
Nie rozwiązałeś tego quizu